000 00270nam a22001217a 4500
999 _c163148
_d163148
082 _a
_b
100 _aBhargava M L
245 _aIndian ocean strategies/
_cby Bhargava M L.
260 _aNew Delhi:
_bReliance,
_c1990.
300 _a350p.
650 _a
942 _cBK